| 000 | 01428cam a2200373Ma 4500 | ||
|---|---|---|---|
| 001 | ocm53155673 | ||
| 003 | TZ-ArACH | ||
| 005 | 20250217145227.0 | ||
| 008 | 030911r20042001enk b 001 0 eng | ||
| 015 |
_aGBA3U3302 _2bnb |
||
| 016 | 7 |
_a009700252 _2Uk |
|
| 020 |
_a0199267898 _q(pbk.) |
||
| 020 |
_a9780199267897 _q(pbk.) |
||
| 035 | _a(OCoLC)53155673 | ||
| 040 |
_aUKM _beng _cTZ-ArACH |
||
| 043 | _ae-uk--- | ||
| 049 | _aTZAA | ||
| 050 | 4 |
_aKD4080 _b.S56 2001 |
|
| 100 | 1 | _aSimpson, Brian. | |
| 245 | 1 | 0 |
_aHuman rights and the end of empire : _bthe British role in the genesis / _cBrian Simpson. |
| 260 |
_aOxford : _bOxford University Press, _c2004. |
||
| 300 |
_axvi; 1178 pages ; _c24 cm |
||
| 504 | _aIncludes bibliographical references and index. | ||
| 520 | _aThe European Convention on Human Rights of 1950 established the most effective international system of human rights protection which has yet been invented. This is the first book that gives a comprehensive account of how it came into existence. | ||
| 610 | 2 | 0 |
_aEuropean Convention on Human Rights _c(1950) |
| 650 | 0 |
_aHuman rights _zGreat Britain. |
|
| 650 | 6 |
_aDroits de l'homme (Droit international) _zGrande-Bretagne. _97691 |
|
| 650 | 7 |
_aBritish colonies. _2fast |
|
| 650 | 7 |
_aHuman rights. _2fast |
|
| 651 | 0 |
_aGreat Britain _xColonies. |
|
| 651 | 6 |
_aGrande-Bretagne _xColonies. |
|
| 651 | 7 |
_aGreat Britain. _2fast |
|
| 942 |
_2lcc _cBOOK |
||
| 999 |
_c7069 _d7069 |
||